[Event "Brandenburg-ch Seniors 18th"]
[Site "Rowy"]
[Date "2009.06.25"]
[Round "4"]
[White "Thur, Herbert"]
[Black "Kuehne, Wolfgang"]
[Result "0-1"]
[WhiteElo "1318"]
[BlackElo "1394"]
[PlyCount "80"]
[EventDate "2009.06.22"]
[EventType "swiss"]
[EventRounds "9"]
[EventCountry "POL"]
[SourceTitle "EXT 2022"]
[Source "ChessBase"]
[SourceDate "2021.10.06"]
[SourceVersion "1"]
[SourceVersionDate "2021.10.06"]
[SourceQuality "1"]

1. c4 c5 2. a3 e6 3. e4 d5 4. e5 Nc6 5. f4 Be7 6. Nf3 f6 7. Nc3 d4 8. Ne4 Qc7 9. exf6 Nxf6 10. d3 0-0 11. Bd2 Bd7 12. Rb1 Rae8 13. Be2 e5 14. fxe5 Nxe5 15. Nxe5 Qxe5 16. Bf3 Nxe4 17. dxe4 Bh4+ 18. Ke2 Bc6 19. Qc2 Bxe4 20. Bxe4 Qxe4+ 21. Qxe4 Rxe4+ 22. Kd3 Re6 23. g3 Rf3+ 24. Kc2 Bf6 25. Rbe1 Rb6 26. Rhf1 d3+ 27. Kd1 Rxf1 28. Rxf1 Rxb2 29. Bc1 Rxh2 30. Rf3 Rh1+ 31. Kd2 Bg5+ 32. Rf4 Bxf4+ 33. gxf4 Kf7 34. Bb2 Rh2+ 35. Kc1 Rxb2 36. Kxb2 Kf6 37. Kc3 Kf5 38. Kxd3 Kxf4 39. a4 Kf3 40. a5 a6 0-1